Spell the Marvel Character #377 - Statistics

General Stats
  • This quiz has been taken 13 times
  • The average score is 7 of 9
Answer Stats
Picture Answer % Correct
Agent Venom
100%
Captain Marvel
100%
Emma Frost
100%
Red She-Hulk
100%
Inferno
73%
Karma
73%
Maverick
73%
Valeria Richards
64%
Marionette
55%
No matching quizzes found
Score Distribution
Percent of People with Each Score
Percentile by Number Answered
Your Score History
You have not taken this quiz